000 00677nam a2200205 i 4500
001 33915
003 ES-MaACL
005 20230906154837.0
007 t|
008 030203s1948 sp ||||1| spa d
100 1 _aBockus, Henry L.
_929680
245 1 0 _aGastroentorología /
_cHenry L. Bockus ; traducción del inglés por N. Lloret Barber.
250 _a[1ª ed.].
260 _aBarcelona, etc. :
_bSalvat,
_c1948 (
_fImp. Hispano-Americana)
300 _a2 v., 2 lám ;
_c25 cm.
505 8 _aContiene: V. I: / traducido por Enrique Vidal-Colomer
700 1 _aLloret Barber, N.
_972921
700 0 _aVidal-Colomer, E.
_9114474
852 _aES-MaACL
_jE-758-60
_bR.26926
999 _c33915
_d33915